Phân tích tính ổn định trong mô hình toán học của sự lan truyền virút cúm A (H1N1) : Bảo cáo tổng kết đề tài Khoa học và Công nghệ cấp trường
Đề tài phân tích tính ổn định trong mô hình lan truyền virút cúm A (H1N1), xây dựng các chương trình máy tính chạy trên phần mềm AUTO, Mathematica để khảo sát cho mô hình để quản lý dịch bệnh.
Gorde:
| Egile nagusia: | |
|---|---|
| Formatua: | Liburua |
| Hizkuntza: | Undetermined |
| Argitaratua: |
Cần Thơ
Trường Đại học Cần Thơ
2014
|
| Gaiak: | |
| Etiketak: |
Etiketa erantsi
Etiketarik gabe, Izan zaitez lehena erregistro honi etiketa jartzen!
|
| Thư viện lưu trữ: | Trung tâm Học liệu Trường Đại học Cần Thơ |
|---|
| LEADER | 01103nam a2200217Ia 4500 | ||
|---|---|---|---|
| 001 | CTU_202123 | ||
| 008 | 210402s9999 xx 000 0 und d | ||
| 082 | |a 515 | ||
| 082 | |b Kh107 | ||
| 088 | |a T2014-52 | ||
| 100 | |a Nguyễn, Hữu Khánh | ||
| 245 | 0 | |a Phân tích tính ổn định trong mô hình toán học của sự lan truyền virút cúm A (H1N1) : | |
| 245 | 0 | |b Bảo cáo tổng kết đề tài Khoa học và Công nghệ cấp trường | |
| 245 | 0 | |c Nguyễn Hữu Khánh (Chủ nhiệm đề tài) | |
| 260 | |a Cần Thơ | ||
| 260 | |b Trường Đại học Cần Thơ | ||
| 260 | |c 2014 | ||
| 520 | |a Đề tài phân tích tính ổn định trong mô hình lan truyền virút cúm A (H1N1), xây dựng các chương trình máy tính chạy trên phần mềm AUTO, Mathematica để khảo sát cho mô hình để quản lý dịch bệnh. | ||
| 650 | |a Mathematical analysis,Toán giải tích | ||
| 915 | |a TN | ||
| 980 | |a Trung tâm Học liệu Trường Đại học Cần Thơ | ||